Normal view
MARC view
- شرحه وضبط نصوصه وقدم له عمر فاروق الطباع
Entry Personal Name
001 - CONTROL NUMBER
- control field: 33692
003 - CONTROL NUMBER IDENTIFIER
- control field: JO-AjAnu
005 - DATE AND TIME OF LATEST TRANSACTION
- control field: 20230606075642.0
008 - FIXED-LENGTH DATA ELEMENTS
- fixed length control field: 230606|| aca||aabn | a|a d
040 ## - CATALOGING SOURCE
- Original cataloging agency: JO-AjAnu
- Transcribing agency: JO-AjAnu
100 ## - HEADING--PERSONAL NAME
- Personal name: شرحه وضبط نصوصه وقدم له عمر فاروق الطباع
670 ## - SOURCE DATA FOUND
- Source citation: Work cat.: (JO-AjAnu)17307: شرحه وضبط نصوصه وقدم له عمر فاروق الطباع, author, ديوان عمر بن كلثوم